000 00431nam a2200169Ia 4500
005 20250923144415.0
008 008 250917s9999 xx 000 0 eng d
037 _aTextual
040 _aDSWL
_beng
_cDSWL
041 _aeng
_2eng
084 _aS:9z7, H6
_qDSWL
245 0 _aGetting the most out of life
260 _aNew York
_c1946
300 _a250 p.
942 _cTEXL
_hS:9z7, H6
999 _c1438464
_d1438464